Little Mix - LM5 - Statistics

General Stats
  • This quiz has been taken 43 times
  • The average score is 11 of 17
Answer Stats
2018 LM5 % Correct
6 Joan of Arc
84%
5 Monster In Me
81%
3 Think About Us
81%
8 American Boy
74%
14 The Cure
74%
1 The National Manthem
74%
10 Wasabi
74%
2 Woman Like Me (feat. Nicki Minaj)
74%
12 Motivate
71%
9 Told You So
68%
4 Strip (feat. Sharaya J)
65%
16 Woman's World
65%
13 Notice
61%
15 Forget You Not
52%
11 More Than Words (feat. Kamille)
52%
7 Love a Girl Right
48%
17 Only You (feat. Cheat Codes)
48%
No matching quizzes found
Score Distribution
Percent of People with Each Score
Percentile by Number Answered
Your Score History
You have not taken this quiz